000 00489nam a2200181Ia 4500
005 20250326124716.0
008 250326s9999 xx 000 0 und d
037 _aTextbook
040 _aFMSL
_beng
_cFMSL
041 _aeng
_2eng
084 _aX:89A(B7:3) J8
_qFMSL
100 _aCampbell D P
_9737839
245 0 _aProcess dynamics
_cCampbell D P
260 _aNY
_bNY, John Wiley
_c1958
300 _a316p
942 _cTB
_hX:89A(B7:3) J8
999 _c1274857
_d1274857